header

The Little Penguin handbook / (Record no. 250783)

MARC details
000 -LEADER
fixed length control field 01269cam a2200349 a 4500
001 - CONTROL NUMBER
control field 15396003
003 - CONTROL NUMBER IDENTIFIER
control field OSt
005 - DATE AND TIME OF LATEST TRANSACTION
control field 20151015153900.0
008 - FIXED-LENGTH DATA ELEMENTS--GENERAL INFORMATION
fixed length control field 080804s2009 nyu 001 0 eng
010 ## - LIBRARY OF CONGRESS CONTROL NUMBER
LC control number 2008033715
020 ## - INTERNATIONAL STANDARD BOOK NUMBER
International Standard Book Number 9780205648726 (spiral bound : alk. paper)
International Standard Book Number 020564872X (spiral bound : alk. paper)
International Standard Book Number 9780205743391 (pbk.)
International Standard Book Number 0205743390 (pbk.)
040 ## - CATALOGING SOURCE
Original cataloging agency DLC
Transcribing agency DLC
Modifying agency DLC
050 00 - LIBRARY OF CONGRESS CALL NUMBER
Classification number PE1408
Item number .F245 2009
082 00 - DEWEY DECIMAL CLASSIFICATION NUMBER
Classification number 808/.042
Edition number 22
100 1# - MAIN ENTRY--PERSONAL NAME
Personal name Faigley, Lester,
Dates associated with a name 1947-
245 14 - TITLE STATEMENT
Title The Little Penguin handbook /
Statement of responsibility, etc Lester Faigley.
250 ## - EDITION STATEMENT
Edition statement 2nd ed.
260 ## - PUBLICATION, DISTRIBUTION, ETC. (IMPRINT)
Place of publication, distribution, etc New York :
Name of publisher, distributor, etc Pearson Longman,
Date of publication, distribution, etc c2009.
300 ## - PHYSICAL DESCRIPTION
Extent 282 p. ;
Dimensions 19 cm.
500 ## - GENERAL NOTE
General note Abbreviated version of The Penguin handbook.
General note Includes index.
650 #0 - SUBJECT ADDED ENTRY--TOPICAL TERM
Topical term or geographic name as entry element English language
General subdivision Rhetoric
Form subdivision Handbooks, manuals, etc.
Topical term or geographic name as entry element English language
General subdivision Grammar
Form subdivision Handbooks, manuals, etc.
Topical term or geographic name as entry element Report writing
Form subdivision Handbooks, manuals, etc.
856 41 - ELECTRONIC LOCATION AND ACCESS
Materials specified Table of contents only
Uniform Resource Identifier <a href="http://www.loc.gov/catdir/toc/ecip0825/2008033715.html">http://www.loc.gov/catdir/toc/ecip0825/2008033715.html</a>
906 ## - LOCAL DATA ELEMENT F, LDF (RLIN)
a 7
b cbc
c orignew
d 1
e ecip
f 20
g y-gencatlg
942 ## - ADDED ENTRY ELEMENTS (KOHA)
Source of classification or shelving scheme Library of Congress Classification
Koha item type Long Loan Books
Holdings
Withdrawn status Lost status Source of classification or shelving scheme Damaged status Not for loan Collection code Home library Current library Shelving location Date acquired Total Checkouts Full call number Barcode Date last seen Price effective from Koha item type
    Library of Congress Classification     Non-fiction Rongo University Library Rongo University Library Reference 15/10/2015   PE1408 .F245 2009 20155717 15/10/2015 15/10/2015 Long Loan Books
    Library of Congress Classification     Non-fiction Rongo University Library Rongo University Library Reference 16/10/2015   PE1408 .F245 2009 20155700 16/10/2015 16/10/2015 Long Loan Books
    Library of Congress Classification     Non-fiction Rongo University Library Rongo University Library Reference 28/04/2016   PE1408 .F245 2009 201611277 28/04/2016 28/04/2016 Long Loan Books

© 2026 Rongo University
Contact us: librarian | system librarian | Rongo university